000 00352 a2200145 4500
020 _a9780028233871
082 _a909
090 _c6729
_d6729
245 _aWorld history
_bThe human experience
_cFarah, Mounir.
260 _aNew York
_bMcGraw Hill
_c1997
300 _a1088
600 _aFarah, Mounir.
650 _aWorld History
942 _cBK
_k909 FAR
999 _c10556
_d10556